000 00556nam a2200157 a 4500
001 000030152
005 20200930060103.0
008 110503s2004 dr a 000 0 spa d
040 _aDO-SdBNP
_bspa
_cBNPHU
082 _aXXX
_bL732g
100 1 _aLima, Dinorah de,
_956863
245 1 0 _aGrupos pedagógicos :
_bDocentes de primero y segundo. Primer ciclo del nivel básico.
260 _aSanto Domingo :
_bSecretaría de Estado de Educación,
_c[2004?].
300 _a208 p. :
_bil. ;
_c25 cm.
500 _aPrograma Nacional de Lectura, Escrituray Matemáticas
999 _c29644
_d29644